Normal view MARC view
  • Rathi Shubhra-2K201131 & Prof. Ranjana Gogate - Guide

Entry Personal Name

Number of records used in: 1

001 - CONTROL NUMBER

  • control field: 208050

003 - CONTROL NUMBER IDENTIFIER

  • control field: OSt

005 - DATE AND TIME OF LATEST TRANSACTION

  • control field: 20240807124134.0

008 - FIXED-LENGTH DATA ELEMENTS

  • fixed length control field: 240807|| aca||aabn | a|a d

040 ## - CATALOGING SOURCE

  • Original cataloging agency: OSt
  • Transcribing agency: OSt

100 ## - HEADING--PERSONAL NAME

  • Personal name: Rathi Shubhra-2K201131 & Prof. Ranjana Gogate - Guide

670 ## - SOURCE DATA FOUND

  • Source citation: Work cat.: (OSt)359273: Rathi Shubhra-2K201131 & Prof. Ranjana Gogate - Guide, An Analytical Study of Investment Trends of Investors in India, March-2022